Pokémon - Les attaques de Caratroc - Statistiques

Statistiques générales
  • Ce quiz a été pris 38 fois
  • Le résultat moyen est 8 sur 16
Statistiques - réponses
Niveaux Types Noms des attaques % Correct
Départ Eau Repli
84%
Niveau 5 Roche Roulade
74%
Niveau 40 Roche Éboulement
58%
Niveau 60 Roche Lame de Roc
58%
Niveau 30 Insecte Piqûre
58%
Niveau 65 Psy Astuce Force
53%
Niveau 15 Roche Jet-Pierres
53%
Niveau 25 Psy Repos
47%
Niveau 10 Insecte Survinsecte
47%
Départ Normal Ligotage
42%
Niveau 35 Psy Partage Force
42%
Niveau 35 Psy Partage Garde
42%
Niveau 65 Normal Exuviation
37%
Niveau 50 Insecte Toile Gluante
37%
Niveau 45 Poison Suc Digestif
26%
Niveau 20 Normal Rune Protect
5%
Aucun quiz correspondant
Distribution des résultats
% des personnes avec chaque résultat
Percentile par nombre de réponses
Votre historique - résultats
Vous n’avez pas pris ce quiz